| 000 | 00353nam a2200133Ia 4500 | ||
|---|---|---|---|
| 008 | 220217s9999||||xx |||||||||||||| ||und|| | ||
| 020 | _a0-07-451701-7 | ||
| 082 | _a621.381 JAI | ||
| 100 | _aJain, R.P | ||
| 245 | 0 | _aDigital electronics and microprocessors | |
| 260 |
_aTata mcgraw hill _bNew Delhi _c2008 |
||
| 300 | _b250 | ||
| 650 | _aCIRCUITRY | ||
| 999 |
_c177277 _d177277 |
||